MARC

LEADER 00000nam0a2200000 4500
001 301138
005 20231102001354.0
020 |a RU  |b 83-11472 
035 |a (RuTPU)RU\TPU\book\326291 
090 |a 301138 
100 |a 20150724d1983 km y0rusy5003 ca 
101 0 |a rus 
102 |a RU 
105 |a a z 001zy 
200 1 |a Ремонт электродвигателей  |f С. А. Мандрыкин 
205 |a 2-е изд., перераб. и доп. 
210 |a Москва  |c Энергоатомиздат  |d 1983 
215 |a 88 с.  |c ил. 
225 1 |a Библиотека электромонтера  |v Вып. 547 
320 |a Библиогр.: с. 84 
606 1 |a Электродвигатели  |x Ремонт  |2 stltpush  |3 (RuTPU)RU\TPU\subj\19812  |9 44980 
610 1 |a виды 
610 1 |a объем 
610 1 |a периодичность 
610 1 |a разборка 
610 1 |a сборка 
610 1 |a приспособления 
610 1 |a статоры 
610 1 |a роторы 
610 1 |a обмотки 
610 1 |a подшипники скольжения 
610 1 |a подшипники качения 
610 1 |a валы 
610 1 |a правка 
610 1 |a центровка 
675 |a 621.313.13  |z rus  |v 3 
700 1 |a Мандрыкин  |b С. А.  |g Сергей Андреевич  |4 070 
801 0 |a RU  |b RuMRKP  |c 19950704  |g psbo 
801 1 |a RU  |b 63413507  |c 20150724 
801 2 |a RU  |b 63413507  |c 20190311  |g RCR 
942 |c BK